Microorganismos benéficos asociados a especies forestales (Registro nro. 9151)

Detalles MARC
000 -CABECERA
Campo de control 006720000a22002170004500
090 ## - CLASIFICACIÓN LOCAL
Colección AR
Consecutivo 00048
041 0# - IDIOMA
Código de idioma para texto/pista de sonido o título separado
100 1# - ASIENTO PRINCIPAL--NOMBRE PERSONAL
Nombre personal Orozco, Cielo J.
245 10 - MENCION DE TITULO
Título Microorganismos benéficos asociados a especies forestales
650 14 - ASIENTO SECUNDARIO DE MATERIA - TERMINO TEMATICO
Término temático o nombre geográfico como elemento de entrada Nitrógeno
650 14 - ASIENTO SECUNDARIO DE MATERIA - TERMINO TEMATICO
Término temático o nombre geográfico como elemento de entrada Fertilización del suelo
650 14 - ASIENTO SECUNDARIO DE MATERIA - TERMINO TEMATICO
Término temático o nombre geográfico como elemento de entrada Ingeniería forestal
650 14 - ASIENTO SECUNDARIO DE MATERIA - TERMINO TEMATICO
Término temático o nombre geográfico como elemento de entrada Microorganismos
650 14 - ASIENTO SECUNDARIO DE MATERIA - TERMINO TEMATICO
Término temático o nombre geográfico como elemento de entrada Reforestación
653 ## - TERMINO DE INDIZACION - NO CONTROLADO
-- Boletus
-- Boletus edulis
-- Hongo ectomicorrízico
653 ## - TERMINO DE INDIZACION - NO CONTROLADO
-- Pinus
-- Pinus patula
-- pino
700 1# - ASIENTO SECUNDARIO - NOMBRE PERSONAL
Nombre personal Williamson P., Isabel
700 1# - ASIENTO SECUNDARIO - NOMBRE PERSONAL
Nombre personal Martínez, P.
773 1# - Item fuente:
Título Preprint
Especificación de materiales 3
Paginas del Articulo 1-9
Lugar, editorial y fecha de publicación 1996
942 ## - ELEMENTOS ADICIONALES (KOHA)
Tipo de ítem Artículo
Existencias
Withdrawn status Lost status Sistema de Clasificación Damaged status No para préstamo Colección Ubicación Permanente Ubicación actual Fecha de adquisición Total Checkouts Número topográfico Inventario / Código de Barras Date last seen Ejemplar Price effective from Tipo de material
    Dewey Decimal Classification   No para Préstamo Hemeroteca Bogotá Bogotá 27/02/2015   AR 00048 Fuera de circulación 010270 25/03/2015 1 25/03/2015 Artículo